La historia del cine

Na minha lista:
Detalhes bibliográficos
Formato: Livro
Idioma:espanhol
Publicado em: Barcelona Blume 2009
Edição:1a. ed
Assuntos:
Tags: Adicionar Tag
Sem tags, seja o primeiro a adicionar uma tag!

MARC

LEADER 00000cam a2200000 a 4500
001 UCF0148
003 CL-VaPUC
008 120427e20090000SP |||||||||||||||||spa|d
020 |a 9788480768573 
082 0 4 |a 791.43  |b HIS  |2 21 
245 1 3 |a La historia del cine 
250 |a 1a. ed 
300 |a 480 p 
942 |c BK 
945 |d 20120427 00:00:00  |a dcastane 
260 |a Barcelona  |b Blume  |c 2009 
650 0 |a Historia del cine  |9 265166 
650 7 |a PELICULAS CINEMATOGRAFICAS  |2 CL-VaPUC  |9 562006 
650 0 |a Directores de cine  |9 368705 
583 |a last modification  |c 20120910 08:20:21  |k Rodrigo Vera 
999 |c 347629  |d 347627 
952 |0 0  |1 0  |4 0  |6 791_430000000000000_HIS_2009  |7 0  |8 A  |9 449094  |a BIBING  |b BIBING  |d 2019-11-22  |i 4860640  |l 6  |m 2  |o 791.43 HIS 2009  |p 4860640  |r 2025-04-15  |s 2025-03-26  |w 2019-11-22  |y BK  |k CUI